RS. 1997 catlogue Sterling multitechnologies limited (Record no. 548821)
[ view plain ]
| 000 -LEADER | |
|---|---|
| fixed length control field | 00352nam a22001097a 4500 |
| 082 ## - DEWEY DECIMAL CLASSIFICATION NUMBER | |
| Classification number | 670.294 |
| Author Mark | STE |
| 100 ## - MAIN ENTRY--PERSONAL NAME | |
| Personal name | Sterling multitechnologies limited |
| 9 (RLIN) | 45249 |
| 245 ## - TITLE STATEMENT | |
| Title | RS. 1997 catlogue Sterling multitechnologies limited |
| 260 ## - PUBLICATION, DISTRIBUTION, ETC. | |
| Place of publication, distribution, etc. | London: |
| Name of publisher, distributor, etc. | Sterling multitechnologies limited |
| Date of publication, distribution, etc. | 1997 |
| 526 ## - STUDY PROGRAM INFORMATION NOTE | |
| Program name | 0 |
| Interest level | 0 |
| Reading level | 0 |
| Title point value | 670_294000000000000_STE |
| 942 ## - ADDED ENTRY ELEMENTS (KOHA) | |
| Source of classification or shelving scheme | |
| Koha item type | Book |
| Withdrawn status | Lost status | Source of classification or shelving scheme | Damaged status | Not for loan | Permanent Location | Current Location | Date acquired | Total Checkouts | Full call number | Barcode | Date last seen | Price effective from | Koha item type |
|---|---|---|---|---|---|---|---|---|---|---|---|---|---|
| Military College of Engineering (MCE) | Military College of Engineering (MCE) | 09/09/2014 | 670.294 STE | MCE-41637 | 09/09/2014 | 09/09/2014 | Book |
